Introduction to Management Accounting (Record no. 1752)

MARC details
000 -LEADER
fixed length control field 00469nam a22001817a 4500
005 - DATE AND TIME OF LATEST TRANSACTION
control field 20180712112001.0
008 - FIXED-LENGTH DATA ELEMENTS--GENERAL INFORMATION
fixed length control field 160525b xxu||||| |||| 00| 0 eng d
020 ## - INTERNATIONAL STANDARD BOOK NUMBER
ISBN 81-203-2504-4
041 ## - LANGUAGE CODE
Language code of text/sound track or separate title eng
082 ## - DEWEY DECIMAL CLASSIFICATION NUMBER
Item number 5006
Classification number 658.1511
100 ## - MAIN ENTRY--AUTHOR NAME
Personal name CHARLES T. HORNGRAN AND OTHERS
245 ## - TITLE STATEMENT
Title Introduction to Management Accounting
250 ## - EDITION STATEMENT
Edition statement 12TH ED.
260 ## - PUBLICATION, DISTRIBUTION, ETC. (IMPRINT)
Place of publication New Delhi
Name of publisher Academic Faundation
300 ## - PHYSICAL DESCRIPTION
Number of Pages 789P,
650 ## - SUBJECT ADDED ENTRY--TOPICAL TERM
Topical Term Management
942 ## - ADDED ENTRY ELEMENTS (KOHA)
Koha item type Books
Holdings
Lost status Damaged status Collection code Home library Current library Shelving location Date acquired Cost, normal purchase price Full call number Accession Number Koha item type
    Reference JRU Library   SHELF-28-H 25/05/2016 395.00 658.1511 5006 Books
    MANAGEMENT JRU Library JRU Library SHELF-73-H 25/05/2016 395.00 658.1511 5007 Books
    MANAGEMENT JRU Library JRU Library SHELF-73-H 25/05/2016 395.00 658.1511 5008 Books